| 000 | 00846nam a22002537a 4500 | ||
|---|---|---|---|
| 001 | 3519 | ||
| 003 | FISKH | ||
| 005 | 20250115154327.0 | ||
| 008 | 240315b cb ||||| |||| 00| 0 eng d | ||
| 040 |
_aFISK _beng _cFISK _dFISK |
||
| 050 | _aPZ7.S604 | ||
| 082 | _a823.92 | ||
| 100 |
_aSimon Francesca _d1955- |
||
| 245 |
_aHorrid Henry / _c Francesca simon |
||
| 260 |
_aBritain : _bOrion Children's Books, _c1994 |
||
| 300 |
_a90 pages : _billustrations, _c20 cm |
||
| 490 |
_3Laugh out loud stories! _aBook 4 |
||
| 505 | _aK | ||
| 520 | _aHorrid Henry causes his brother Perfect Peter all sorts of problems when he behaves properly for a change, upstages Peter at a dance recital, plays pirates, and goes on a camping trip. | ||
| 521 | 8 |
_a550 _bLexile |
|
| 700 | _aFrancesca Simon | ||
| 942 |
_2ddc _cBK _n0 |
||
| 999 |
_c3519 _d3519 |
||